| 000 | 01076cam a2200229 4500 | ||
|---|---|---|---|
| 001 | WB3720-02 | ||
| 008 | 000000n2001 000 0 eng u | ||
| 035 | _a(Sirsi) u112727 | ||
| 245 | _aConstruction Best Practice Explorer launched | ||
| 260 | _c2001 | ||
| 490 |
_aConstruction Monitor _vMay 2001, 2(1) |
||
| 520 | _aThe Construction Best Practice Programme has launched its Best Practice Explorer, designed to help organisations improve their awareness by asking for views of 24 aspects of best practice and assessing the responses. Information is then provided on advisors, business improvement schemes, company visits, guidance documents, seminars, workshops and toolkits which may help organisations improve their performance. The explorer can be found at http://www.cbpp.org.uk/cbpp/. | ||
| 590 | _aWB | ||
| 650 | _aBEST PRACTICE | ||
| 650 | _aBEST PRACTICE EXPLORER | ||
| 650 | _aCONSTRUCTION BEST PRACTICE PROGRAMME | ||
| 650 | _aCONSTRUCTION INDUSTRY | ||
| 650 | _aEGAN REFORMS | ||
| 650 | _aEGAN REFORMS | ||
| 690 | _aBUILT ENVIRONMENT | ||
| 942 | _n0 | ||
| 999 |
_c67117 _d67117 |
||